| 000 | 00756nam a22002297a 4500 | ||
|---|---|---|---|
| 005 | 20170124105913.0 | ||
| 010 | _aA-715541 | ||
| 020 |
_c350.00 _a8185972710 |
||
| 035 | _aA-715541 | ||
| 037 | _bCen Lib/Ret | ||
| 040 |
_aDPL _bEN |
||
| 082 | _a920 | ||
| 100 |
_aKohli,A.B. _91279 |
||
| 245 |
_aFirst citizens of India Dr. Rajendra Prasad to Dr. Shanker Dayal Sharma _cby A.B.Kohli _bprofile and bibliography |
||
| 260 |
_aNew Delhi _bReliance Publishing House _c1995 |
||
| 270 |
_a3026/7H,Ranjit Nagar _bNew Delhi _e110008 |
||
| 300 |
_axi, 305p. _c22cm(Hb) |
||
| 500 | _aIncludes bibliographical reference | ||
| 650 |
_aIndian Presidents _zIndia _91280 |
||
| 650 |
_aIndian Political leaders _91281 |
||
| 942 |
_2ddc _cEN _h920 _mKOH |
||
| 999 |
_c122636 _d122636 |
||